IA y sostenibilidad aplicadas a la contabilidad y la auditoría /

Salvato in:
Dettagli Bibliografici
Autore principale: Mantilla B., Samuel Alberto (Mantilla Blanco) (Autore)
Natura: Elettronico eBook
Lingua:spagnolo
Pubblicazione: Paracuellos de Jamara, Madrid, [España] : Ra-Ma, [2025]
Soggetti:
Accesso online:Digitalia Hispánica
Tags: Aggiungi Tag
Nessun Tag, puoi essere il primo ad aggiungerne!!

MARC

LEADER 00000nam a2200000Ii 4500
001 DIGRAMA0492
003 NyNyDIG
006 m o d
007 cr |||||||||||
008 260520s2025 sp ob 000 0 spa d
035 |a (OCoLC)1579857594 
040 |a DGITA  |b eng  |e rda  |e pn  |c DGITA 
020 |a 9791388059162  |q ePub 
020 |z 9791388059094  |q impreso 
050 1 4 |a HF5657.4 ebook 
100 1 |a Mantilla B., Samuel Alberto  |q (Mantilla Blanco),  |e author. 
245 1 0 |a IA y sostenibilidad aplicadas a la contabilidad y la auditoría /  |c Samuel Alberto Mantilla Blanco. 
246 3 |a Inteligencia artificial sostenibilidad aplicadas a la contabilidad y la auditoría 
264 1 |a Paracuellos de Jamara, Madrid, [España] :  |b Ra-Ma,  |c [2025] 
300 |a 1 online resource :  |b illustrations. 
336 |a text  |b txt  |2 rdacontent 
337 |a computer  |b c  |2 rdamedia 
338 |a online resource  |b cr  |2 rdacarrier 
347 |a text file  |2 rdaft 
347 |b EPUB 
504 |a Includes bibliographical references. 
588 0 |a Online resource; title from ePub title page (Digitalia, viewed May 20, 2026) 
650 0 |a Auditing. 
650 0 |a Accounting  |x Data processing. 
650 0 |a Artificial intelligence. 
791 2 |a Digitalia (Firm),  |e distributor. 
793 0 |g Digitalia eBook Collection:  |a Ra-Ma Editorial 
776 0 8 |i Print version:  |a Mantilla B., Samuel Alberto (Mantilla Blanco).  |t IA y sostenibilidad aplicadas a la contabilidad y la auditoría.  |d Paracuellos de Jamara, Madrid, [España] : Ra-Ma, [2025]  |z 9791388059094 
856 4 0 |3 Digitalia Hispánica  |u https://digitalia.unach.elogim.com/a/184632/ 
910 |a Premium collection: 2026